| 000 | 01178nam a22003497a 4500 | ||
|---|---|---|---|
| 003 | CHAP | ||
| 005 | 20220329133841.0 | ||
| 008 | 971013s1970 r 00010 d | ||
| 010 | _a11783 | ||
| 011 | _a12755 | ||
| 035 | _a16310 | ||
| 040 | _cCHAP | ||
| 082 |
_a581.1601 _bL8 |
||
| 100 | 0 | 0 |
_aLuckwill, L. C. _968904 |
| 245 |
_aPhysiology of tree crops _b: proceedings of a Symposium... |
||
| 260 |
_aLondon : _bAcademic Press, _c1970 |
||
| 300 |
_a382 p. _b: ilus. |
||
| 590 |
_aBATCH-UPD _b10 _c20130110 _lUCH01 _h0312 |
||
| 590 |
_aBATCH-UPD _b10 _c20130110 _lUCH01 _h2001 |
||
| 590 |
_aBATCH-UPD _b10 _c20130409 _lUCH01 _h2345 |
||
| 590 |
_aBATCH-UPD _b10 _c20130410 _lUCH01 _h1531 |
||
| 590 |
_aBATCH-UPD _b10 _c20130914 _lUCH01 _h1251 |
||
| 590 |
_aCONVERSION _b10 _c20130109 _lUCH01 _h1308 |
||
| 650 | 1 | 4 |
_aArboles frutales _xFisiologia y morfologia. _96677 |
| 650 | 1 | 4 |
_aÁrboles _xFisiologia y morfologia. _96599 |
| 650 | 1 | 4 |
_aEcología forestal. _935176 |
| 700 | 0 |
_aCutting, C. V. _930768 |
|
| 700 | 0 |
_aLong Ashton Symposium (2: 1969 : Bristol) _967554 |
|
| 901 | _aBK | ||
| 942 | _cLIBRO | ||
| 949 |
_a582.1601 L8 _bBC _cLIBRO _d33724000453353 _eLIBRO _h30981 _i16310 _si _t250.00 |
||
| 999 |
_c11783 _d11783 |
||